Murder without Icing (Record no. 1673)

000 -LEADER
fixed length control field 00507nam a22001817a 4500
005 - DATE AND TIME OF LATEST TRANSACTION
control field 20210419071442.0
008 - FIXED-LENGTH DATA ELEMENTS--GENERAL INFORMATION
fixed length control field 210223b1972 ||||| |||| 00| 0 eng d
040 ## - CATALOGING SOURCE
Transcribing agency DLC
080 ## - UNIVERSAL DECIMAL CLASSIFICATION NUMBER
Universal Decimal Classification number 821.111
Item number L-36
100 ## - MAIN ENTRY--PERSONAL NAME
9 (RLIN) 504
Personal name Lathen.Emma
245 ## - TITLE STATEMENT
Title Murder without Icing
Statement of responsibility, etc. / by: Pocket Books
260 ## - PUBLICATION, DISTRIBUTION, ETC.
Place of publication, distribution, etc. New York
Name of publisher, distributor, etc. Pocket Books
Date of publication, distribution, etc. 1973
300 ## - PHYSICAL DESCRIPTION
Extent 212 p.
365 ## - TRADE PRICE
Price amount 0.95 usd
650 #0 - SUBJECT ADDED ENTRY--TOPICAL TERM
9 (RLIN) 247
Topical term or geographic name entry element English literature
653 ## - INDEX TERM--UNCONTROLLED
Uncontrolled term ინგლისური ლიტერატურა
942 ## - ADDED ENTRY ELEMENTS (KOHA)
Source of classification or shelving scheme
Koha item type Books
Holdings
Withdrawn status Lost status Source of classification or shelving scheme Damaged status Not for loan Permanent location Current location Date acquired Inventory number Total Checkouts Full call number Barcode Date last seen Price effective from Koha item type
          Ken Walker International University Ken Walker International University 02/23/2021 1812   821.111 L-36 1812 02/23/2021 02/23/2021 Books
          Ken Walker International University Ken Walker International University 03/05/2021 1892   821.111 L-36 1892 03/05/2021 03/05/2021 Books

Powered by Koha